Lista de especies CITES (Registro nro. 8037)
[ vista simple ]
| 000 -CABECERA | |
|---|---|
| Campo de control | 00442nmm a22001697a 4500 |
| 005 - FECHA Y HORA DE LA ULTIMA TRANSACCION | |
| Campo de control | 20131212171956.0 |
| 008 - ELEMENTOS DE LONGITUD FIJA—INFORMACION GENERAL | |
| Campo de control | 131212b2011 -Uk||||| |||| 00| 0 spa d |
| 020 ## - ISBN | |
| ISBN | 2883230307 |
| 041 ## - IDIOMA | |
| Código de idioma para texto/pista de sonido o título separado | Inglés |
| -- | Español |
| -- | Francés |
| 090 ## - CLASIFICACIÓN LOCAL | |
| Colección | LB |
| Consecutivo | 05854 |
| 110 ## - ASIENTO PRINCIPAL--NOMBRE CORPORATIVO | |
| Nombre corporativo o de jurisdicción como elemento de entrada | PNUMA-CMCM |
| 245 ## - MENCION DE TITULO | |
| Título | Lista de especies CITES |
| 260 ## - PUBLICACION, DISTRIBUCION, ETC. (PIE DE IMPRENTA) | |
| Lugar de publicación, distribución, etc. | Reino Unido |
| Nombre del editor, distribuidor, etc. | CITES |
| -- | Comisión Europea |
| Fecha de publicación, distribución, etc. | 2011 |
| 300 ## - DESCRIPCION FISICA | |
| Extensión | 552 p., |
| Dimensiones | 13 cm |
| 505 ## - NOTA DE CONTENIDO | |
| Nota de contenido | Incluye contenido |
| 942 ## - ELEMENTOS ADICIONALES (KOHA) | |
| Sistema de clasificación | Local |
| Tipo de ítem | CD-ROM |
| Withdrawn status | Lost status | Sistema de Clasificación | Damaged status | No para préstamo | Colección | Ubicación Permanente | Ubicación actual | Fecha de adquisición | Total Checkouts | Número topográfico | Inventario / Código de Barras | Date last seen | Ejemplar | Price effective from | Forma de adquisición | Tipo de material |
|---|---|---|---|---|---|---|---|---|---|---|---|---|---|---|---|---|
| Local | Audiovisual | Bogotá | Bogotá | 12/12/2013 | LB-05854 | 058574 | 12/12/2013 | Ej. 1 | 12/12/2013 | CD-ROM |